Francisco de goya, 1746-1828 /

El espíritu de Goya. Algunos hechos biográficos. Influencia de Velázquez. Detalles de sus cuadros. El exilio.

Guardado en:
Autor Corporativo: Efe Tv.
Formato: Deslizar
Series:Colecciones del Museo del Prado
Materias:
Etiquetas: Agregar Etiqueta
Sin Etiquetas, Sea el primero en etiquetar este registro!
LEADER 00892ngm a22002655g 4500
001 CEM.cems021462
008 130507b1992##################0###0#####d
005 20240826134547.0
245 1 0 |a Francisco de goya, 1746-1828 /  |c Efe Tv 
300 |a 26 
490 0 |a Colecciones del Museo del Prado 
500 |a En soporte VHS, consultar en ventanilla. 
520 |a El espíritu de Goya. Algunos hechos biográficos. Influencia de Velázquez. Detalles de sus cuadros. El exilio. 
538 |a Soporte: VHS - Norma: Pal N - Color - Intercambio Drd 1992 - Hitachi=2387 
110 2 |a Efe Tv. 
082 7 5 |/ COL 
653 |a NIVEL SECUNDARIO 
653 |a ARTE 
653 |a PINTURA ESPAÑOLA 
653 |a FRANCISCO DE GOYA 
653 |a ESPAÑA-ARTE 
653 |a ESPAÑA 
653 |a PINTURA 
653 |a VELAZQUEZ 
859 |a CEMS  |b BIB. CEMS - Depto. Recursos Didacticos  |h 759  |i COL  |k DRD  |p 105.12  |t Ej.1